Les romans d'Arsène Lupin - Statistiques

Statistiques générales
  • Ce quiz a été pris 57 fois
  • Le résultat moyen est 13 sur 25
Statistiques - réponses
Hint Réponse % Correct
1909 L'aiguille creuse
88%
1907 Arsène Lupin gentleman cambrioleur
80%
1924 La comtesse de Cagliostro
73%
1912 Le bouchon de cristal
70%
1908 Arsène Lupin contre Herlock Sholmès
65%
1923 Les huit coups de l'horloge
60%
1919 L'île aux trente cercueils
60%
1918 Le triangle d'or
58%
1913 Les confidences d'Arsène Lupin
55%
1921 Les dents du tigre
55%
1931 La barre y va
53%
1935 La Cagliostro se venge
53%
1927 La demoiselle aux yeux verts
53%
1928 L'Agence Barnett et cie
53%
1929 La demeure mystérieuse
48%
1916 L'éclat d'obus
48%
2012 Le dernier amour d'Arsène Lupin
43%
1933 Victor, de la brigade mondaine
43%
1933 La femme aux deux sourires
40%
1910 813 La double vie d'Arsène Lupin
35%
1930 Le cabochon d'émeraude
35%
2007 Les milliards d'Arsène Lupin
35%
1910 813 Les trois crimes d'Arsène Lupin
33%
1927 L'homme à la peau de bique
33%
1933 Le pardessus d'Arsène Lupin
25%
Aucun quiz correspondant
Distribution des résultats
% des personnes avec chaque résultat
Percentile par nombre de réponses
Votre historique - résultats
Vous n’avez pas pris ce quiz